Statistics for The Godfather Quiz

Click here to take the quiz!

General Stats

  • This quiz has been taken 1,417 times
    (1,415 since last reset)
  • The average score is 12 of 16

Answer Stats

HintAnswer% Correct
What is the godfather's name?Vito Corleone
92%
Who is the actor of Michael?Al Pacino
89%
What is in progress during the opening scene?a wedding
85%
Name Michael's siblingsSantino "Sonny"
85%
Who was the director?Francis Ford Coppola
83%
Name Michael's siblingsFredo
82%
Who wrote the novel?Mario Puzo
76%
Sollozzo wants the godfather to invest in the{drug} business
75%
Michael's gun is stored behinda flushing tank
72%
Which two places are the main scenes?New York City
72%
Name the godfather's adopted sonTom Hagen
68%
Name one of Michael's wivesApollonia Vitelli | Kay Adams
66%
Which two places are the main scenes?Sicily
64%
A film producer wakes up and finds this in his beda horse's head
62%
Name Michael's siblingsConnie
56%
What is the seemingly invincible enforcer called?Luca Brasi
45%

Score Distribution

Percentile by Number Answered

Percent of People with Each Score

Your Score History

You have not taken this quiz since the last reset